| 000 | 00559cam a22002051 4500 | ||
|---|---|---|---|
| 001 | ne 67001238 | ||
| 003 | DLC | ||
| 005 | 20260227111833.0 | ||
| 008 | 890331s1966 xx d 000 0 ara | ||
| 010 | _ane 67001238 | ||
| 035 | _a(OCoLC)23499197 | ||
| 040 |
_aDLC _cMiU _dDLC |
||
| 050 | 0 | 0 |
_aPJ6622 _b.B83 1869a |
| 100 | 1 |
_aBustānī, Buṭrus ibn Būlus, _d1818 or 1819-1882 or 1883. |
|
| 245 | 1 | 0 | _aKitāb quṭr al-muḥiṭ. |
| 260 | _c[1966] | ||
| 300 |
_a2 v. (2452 p.) _c21 cm. |
||
| 500 | _aRomanized. | ||
| 650 | 0 |
_aArabic language _xDictionaries |
|
| 999 |
_c49694 _d49694 |
||